| 000 | 00564nam a2200133Ia 4500 | ||
|---|---|---|---|
| 008 | 160809s9999 xx 000 0 und d | ||
| 100 | _aBoon, Helen J. | ||
| 245 | _aSCHOOL DISASTER PLANNING FOR CHILDREN WITH DISABILITIES | ||
| 245 | _cHelen J. Boon Lawrence H. Brown Komla Tsey Richard Speare Paul Pagliano Kim Usher Brenton Clark James Cook University, Townsville, QLD, Australia. | ||
| 260 | _bInternational Journal of Special Education | ||
| 260 | _c2011 | ||
| 650 | _xSPECIAL EDUCATION | ||
| 856 | _uhttp://www.internationaljournalofspecialed.com/issues.php | ||
| 999 |
_c300438 _d300438 |
||